| Tag |
First Indicator |
Second Indicator |
Subfields |
| LEADER |
00000cam a2200000Ia 4500 |
| 001 |
in00002599521 |
| 005 |
20151201154538.0 |
| 007 |
he amv---bacp |
| 007 |
hz bhv---babp |
| 008 |
080527q19401949enka b 000 0 eng d |
| 035 |
|
|
|a (OCoLC)ocn228813618
|
| 035 |
|
|
|a (OCoLC)228813618
|
| 037 |
|
|
|a CL0021000039
|b ProQuest, 789 E. Eisenhower Parkway, Ann Arbor, MI 48108-3218
|
| 040 |
|
|
|a UMI
|c UMI
|d UMI
|d UtOrBLW
|
| 049 |
|
|
|a UMIA
|
| 090 |
|
|
|a PZ5
|b .O67 1990 no.039:281.
|
| 245 |
0 |
0 |
|a Trixie the circus horse.
|
| 264 |
|
1 |
|a [England] :
|b [publisher not identified],
|c [between 1940 and 1949]
|
| 300 |
|
|
|a 11 unnumbered pages :
|b illustrations
|
| 336 |
|
|
|a text
|b txt
|2 rdacontent
|
| 337 |
|
|
|a microform
|b h
|2 rdamedia
|
| 338 |
|
|
|a microfiche
|b he
|2 rdacarrier
|
| 490 |
1 |
|
|a Animated story books
|
| 500 |
|
|
|a Date of publication suggested by the Bodleian Library.
|
| 500 |
|
|
|a "The animated story book"--Cover.
|
| 500 |
|
|
|a "Made in England"--Back cover.
|
| 500 |
|
|
|a Series statement from back cover.
|
| 500 |
|
|
|a Reproduction of original in the Bodleian Library.
|
| 510 |
4 |
|
|a Opie
|c EE 288
|
| 533 |
|
|
|a Microfiche.
|b Ann Arbor, Mich. :
|c UMI,
|d 2000.
|e 1 microfiche ; 11 x 15 cm.
|f (Opie collection of children's literature ; 039:281)
|7 s2000 miun b
|
| 500 |
|
|
|a Microform.
|
| 650 |
|
0 |
|a Horses
|v Juvenile fiction.
|
| 650 |
|
0 |
|a Circus
|v Juvenile fiction.
|
| 650 |
|
0 |
|a Toy and movable books
|v Specimens.
|
| 830 |
|
0 |
|a Opie collection of children's literature ;
|v 039:281.
|
| 830 |
|
0 |
|a Animated story books.
|
| 994 |
|
|
|a 02
|b UMI
|
| 999 |
|
|
|a MARS
|
| 999 |
f |
f |
|s c8d7a9c7-585a-3dca-9885-2a93692f0ece
|i 80829b78-8ae2-3182-8d83-c0830690692a
|t 0
|
| 952 |
f |
f |
|a Texas A&M University
|b College Station
|c Sterling C. Evans Library
|d Evans: Microforms Fiche (3rd floor)
|t 0
|e PZ5 .O67 1990 no.039:281.
|h Library of Congress classification
|
| 998 |
f |
f |
|a PZ5 .O67 1990 no.039:281.
|t 0
|l Evans: Microforms Fiche (3rd floor)
|